000 00634nam a2200205Ia 4500
003 GCL
008 140319s9999 xx 000 0 ara d
040 _aGCL /
_cGCL
082 0 4 _a226.4
_bا ف
100 1 _aالامام المحقق ابى القاسم
245 1 0 _aالناسخ والمنسوخ /
_cالامام المحقق ابى القاسم
700 1 _aهبةالله ابن سلام ابى النصر
300 _a59 ص
490 _a
650 0 4 _aالاسلام
650 0 4 _aالناسخ والمنسوخ والقران
650 0 4 _aالناسخ والمنسوخ
650 0 4 _aالقران
942 _2ddc
_cBK
999 _c39784
_d39784